| Tag |
First Indicator |
Second Indicator |
Subfields |
| LEADER |
00000cam a2200000 a 4500 |
| 001 |
in00000027918 |
| 005 |
20151007054647.0 |
| 008 |
870714s1988 nyua b 00110 eng |
| 010 |
|
|
|a 87021551
|
| 020 |
|
|
|a 0471830194
|
| 035 |
|
|
|a (OCoLC)16355768
|
| 035 |
|
|
|9 AAB5863AM
|
| 040 |
|
|
|a DLC
|c DLC
|d TXA
|d UtOrBLW
|
| 041 |
1 |
|
|a eng
|h rus
|
| 049 |
|
|
|a TXAM
|c [A10954339]
|
| 050 |
0 |
0 |
|a QC981.8.C5
|b K65 1988
|
| 082 |
0 |
|
|a 551.6
|2 19
|
| 100 |
1 |
|
|a Kondratʹev, K. I︠A︡.
|q (Kirill I︠A︡kovlevich)
|
| 245 |
1 |
0 |
|a Climate shocks :
|b natural and anthropogenic /
|c K. Ya. Kondratyev ; translated from the Russian by A.P. Kostrova.
|
| 264 |
|
1 |
|a New York :
|b Wiley,
|c [1988]
|
| 264 |
|
4 |
|c ©1988
|
| 300 |
|
|
|a xviii, 296 pages :
|b illustrations ;
|c 24 cm.
|
| 336 |
|
|
|a text
|b txt
|2 rdacontent
|
| 337 |
|
|
|a unmediated
|b n
|2 rdamedia
|
| 338 |
|
|
|a volume
|b nc
|2 rdacarrier
|
| 490 |
1 |
|
|a Wiley series in climate and the biosphere
|
| 500 |
|
|
|a "A Wiley-Interscience publication."
|
| 504 |
|
|
|a Bibliography: pages 285-290.
|
| 500 |
|
|
|a Inxludes index.
|
| 650 |
|
0 |
|a Climatic changes.
|
| 650 |
|
0 |
|a Greenhouse effect, Atmospheric.
|
| 650 |
|
0 |
|a Volcanoes.
|
| 650 |
|
0 |
|a Nuclear explosions.
|
| 830 |
|
0 |
|a Wiley series in climate and the biosphere.
|
| 999 |
|
|
|a MARS
|
| 999 |
f |
f |
|s 4592c0d0-cad3-311d-a831-0bd540f20ab9
|i 0bbf46e8-2d4f-3c96-9f27-227b6bdd066c
|t 0
|
| 952 |
f |
f |
|p ric
|a Texas A&M University
|b Rellis Campus
|c Joint Library Facility
|d Remote Storage
|t 0
|e QC981.8.C5 K65 1988
|h Library of Congress classification
|i unmediated -- volume
|m A14810954339
|
| 998 |
f |
f |
|a QC981.8.C5 K65 1988
|t 0
|l Remote Storage
|